| 000 | 01116nam a2200277Ia 4500 | ||
|---|---|---|---|
| 003 | OSt | ||
| 005 | 20200819183237.0 | ||
| 008 | 191128s1979 ck gr 000 0 spa d | ||
| 020 | _a9583505846 | ||
| 040 |
_aCO-JMCR _cCO-JMCR |
||
| 041 | 0 | _aspa | |
| 082 | 0 | 4 |
_a346.0682 / _bR457d _223 |
| 100 | 1 |
_aReyes Villamizar, Francisco, _eautor _98969 |
|
| 245 | 1 | 0 |
_aDerecho societario / _cFrancisco Reyes Villamizar, Néstor Humberto Martínez Neira y Gabino Pinzón |
| 250 | _aSegunda edición | ||
| 260 |
_aBogotá : _bFuente Jurídica, _c1979 |
||
| 300 |
_a2 volúmenes ; _c24 cm. |
||
| 490 | 0 | _aObras jurídicas | |
| 505 | 2 | _av.1 Criterios para la clasificación de las sociedades -- Promesa de contrato, régimen de promotores y requisitos del fondo del contrato social -- Requisitos de forma del contrato social -- Inexistencia, nulidad e inoponibilidad del contrato social | |
| 650 | 1 | 4 |
_aSociedades anónimas _98970 |
| 650 | 1 | 4 |
_aEmpresas _98971 |
| 650 | 1 | 4 |
_aSociedades _98972 |
| 700 | 1 |
_aMartínez Neira, Néstor Humberto, _eautor _98973 |
|
| 700 | 1 |
_aPinzón, Gabino, _eautor _98974 |
|
| 942 |
_2ddc _cBK |
||
| 999 |
_c4716 _d4716 |
||